| 000 | 00659nam a2200241Ia 4500 | ||
|---|---|---|---|
| 003 | OSt | ||
| 005 | 20220928104952.0 | ||
| 006 | a|||||r|||| 00| 0 | ||
| 007 | ta | ||
| 008 | 220927b |||||||| |||| 00| 0 eng d | ||
| 024 | _a121421 | ||
| 037 | _cTextual | ||
| 040 |
_aSDCL _cSDCL _beng |
||
| 041 |
_2eng _aeng |
||
| 082 | _aW691y7M18x, 152L7.2 | ||
| 100 |
_aMarks Karl _9413090 |
||
| 245 | 0 | _asanklit rachnaye | |
| 260 |
_aMasko _bPragti Prakashan _c1977 |
||
| 300 |
_a320p _ccm. |
||
| 700 |
_a Angels friendrik _9413091 |
||
| 942 |
_hW691y7M18x, 152L7.2 _cTEXL _2CC |
||
| 999 |
_c728845 _d728845 |
||